| 000 | 00714nam a2200205 4500 | ||
|---|---|---|---|
| 001 | 116895 | ||
| 003 | ES-MaACL | ||
| 005 | 20231227193322.0 | ||
| 007 | t| | ||
| 008 | 070228s1959 sp r ||||1| spa d | ||
| 100 | 1 |
_aPascual Quintana, Juan Manuel. _989394 |
|
| 245 | 1 | 0 |
_aEn torno al concepto del Derecho Civil / _cJuan Manuel Pascual Quintana ; prólogo del Excmo. Sr. Don Antonio Hernández Gil. |
| 260 |
_aSalamanca : _bUniversidad, _c1959. |
||
| 300 |
_a119 p. ; _c26 cm. |
||
| 500 | _aDe Actas Salmanticensia, tomo IV. nº 1. | ||
| 700 | 1 |
_aHernández Gil, Antonio, _d1915-1994 _962943 |
|
| 710 | 2 |
_aUniversidad de Salamanca. _97275 |
|
| 852 |
_aES-MaACL _jC-18443 |
||
| 999 |
_c116895 _d116895 |
||